000 00308nam a2200133Ia 4500
005 20251222142012.0
008 251222s9999||||xx |||||||||||||| ||spa||
020 _a997272805
082 _a709.85/M98
245 0 _aEl Arte en el PerĂº
250 _a1ra.ed.
264 _bMuseo de Arte de Lima
942 _cLIB
999 _c10369
_d10369